000
00208nam a2200097Ia 4500
008
240331s9999 xx 000 0 und d
082
_b
ISH
100
_a
Ishmath,Z
245
0
_a
Ilamai enum poongatru
942
_c
L
999
_c
5010
_d
5010